000 00568nam a22002057a 4500
003 koha_MIRAKIL
005 20231213095650.0
008 231213b |||||||| |||| 00| 0 ||| d
020 _b978-9-75510080-7
040 _aTR-IsEVY
_btur
_cTR-IsEVY
082 _a891.733 TOL/E
100 _aTolstoy, Lev.
245 0 _aErik çekirdeği
250 _a21. bs.
260 _bCan Sanat Yayınları,
_c2013
300 _a66 s.
650 _aRus edebiyatı -- Roman -- Dünya klasikleri.
650 _aRussian literature -- Fiction -- World classics.
942 _2ddc
_cBK
999 _c7402
_d7402